St Kilda Saints Best and Fairest Winners - Statistics

General Stats
  • This quiz has been taken 43 times
    26 since last reset
  • The average score is 39 of 109
Answer Stats
Year Player % Correct
2020 | 2021 Jack Steele
100%
2003 | 2010 | 2012 Lenny Hayes
100%
2002 | 2004 | 2006 | +3 others Nick Riewoldt
100%
1992 | 1994 | 1997 | 1998 Robert Harvey
100%
2013 | 2015 | 2016 | 2018 Jack Steven
80%
1987 | 1991 Tony Lockett
80%
2022 Jack Sinclair
70%
1964 | 1966 Ian Stewart
60%
1949 | 1951 | 1952 Jim Ross
60%
2005 Luke Ball
60%
1993 | 1996 | 1999 Nathan Burke
60%
2008 | 2011 Sam Fisher
60%
2017 | 2019 Sebastian Ross
60%
1976 | 1981 Trevor Barker
60%
1967 | 1971 Ross Smith
50%
1990 Stewart Loewe
50%
1959 Verdun Howell
50%
1968 Carl Ditterich
40%
1962 | 1963 | 1965 Darrel Baldock
40%
1973 Kevin Neale
40%
1955 | 1958 Neil Roberts
40%
1989 | 1995 Nicky Winmar
40%
2001 Peter Everitt
40%
2005 Steven Baker
40%
2000 Andrew Thompson
30%
1918 Roy Cazaly
30%
1932 | 1936 Bill Mohr
20%
1979 | 1980 Jeff Dunne
20%
1957 Brian Gleeson
10%
1924 Colin Watson
10%
1988 Danny Frawley
10%
1974 Glenn Elliot
10%
1978 Graeme Gellie
10%
1984 | 1986 Greg Burns
10%
1975 | 1977 Jeff Sarau
10%
1946 Keith Rosewarne
10%
1942 | 1943 Ken Walker
10%
1954 Les Foote
10%
1983 Max Crow
10%
1985 Paul Morwood
10%
1982 Peter Kiel
10%
1940 Alan Killigrew
0%
1922 Barney Carr
0%
1921 | 1923 | 1928 | 1929 Bill Cubbins
0%
1950 Bruce Phillips
0%
1925 Cyril Gambetta
0%
1970 Daryl Griffiths
0%
1930 Fred Phillips
0%
1945 | 1947 Harold Bray
0%
1926 | 1927 Harold Matthews
0%
1933 Harry Comte
0%
1931 Harry Neil
0%
1926 Horrie Mason
0%
1934 | 1935 | 1937 Jack Davis
0%
1953 | 1956 Keith Drinan
0%
1960 | 1961 Lance Oswald
0%
1941 | 1944 Reg Garvin
0%
1948 Robert Hancock
0%
1969 Rob Murray
0%
1939 Roy Fountain
0%
1938 Stan Lloyd
0%
1972 Stuart Trott
0%
1920 Wally Cameron
0%
1914 | 1915 | 1919 Wels Eicke
0%
No matching quizzes found
Score Distribution
Percent of People with Each Score
Percentile by Number Answered
Your Score History
You have not taken this quiz since the last reset